[Event "DVM U20 2022"]
[Site "Münster GER"]
[Date "2022.12.29"]
[Round "6"]
[White "Wang, Xinyuan"]
[Black "Aumüller, Naum"]
[Result "1-0"]
[Termination "normal"]
[Board "7.2"]
[WhiteElo "1835"]
[BlackElo "1927"]
[WhiteClock "00:00:46"]
[BlackClock "00:01:07"]
[WhiteTeam "Karlsruher SF 1853"]
[BlackTeam "SC Bavaria Regensburg von 1881 e.V."]
[PlyCount "81"]
[WhiteFideId "16221494"]
[BlackFideId "16263960"]
[EventCountry "GER"]
[EventRounds "7"]
[EventType "team-swiss"]
[EventDate "2022.12.26"]

1. d4 {[%clk 01:30:49]} {[%emt 00:00:11]} Nf6 {[%clk 01:30:53]} {[%emt
00:00:08]} 2. c4 {[%clk 01:31:15]} {[%emt 00:00:04]} g6 {[%clk 01:31:16]}
{[%emt 00:00:06]} 3. Nc3 {[%clk 01:31:42]} {[%emt 00:00:03]} Bg7 {[%clk
01:31:39]} {[%emt 00:00:07]} 4. e4 {[%clk 01:32:08]} {[%emt 00:00:04]} d6
{[%clk 01:31:59]} {[%emt 00:00:10]} 5. f3 {[%clk 01:32:32]} {[%emt 00:00:06]}
O-O {[%clk 01:32:19]} {[%emt 00:00:10]} 6. Nge2 {[%clk 01:32:53]} {[%emt
00:00:09]} Nbd7 {[%clk 01:32:24]} {[%emt 00:00:25]} 7. Ng3 {[%clk 01:32:50]}
{[%emt 00:00:33]} c5 {[%clk 01:31:15]} {[%emt 00:01:39]} 8. d5 {[%clk
01:33:07]} {[%emt 00:00:13]} a6 {[%clk 01:31:09]} {[%emt 00:00:35]} 9. a4
{[%clk 01:32:12]} {[%emt 00:01:25]} Rb8 {[%clk 01:22:03]} {[%emt 00:09:36]} 10.
Be2 {[%clk 01:31:46]} {[%emt 00:00:56]} Ne8 {[%clk 01:13:04]} {[%emt 00:09:29]}
11. Bg5 {[%clk 01:19:59]} {[%emt 00:12:16]} Nc7 {[%clk 01:10:17]} {[%emt
00:03:18]} 12. Qd2 {[%clk 01:11:52]} {[%emt 00:08:38]} Nf6 {[%clk 01:06:13]}
{[%emt 00:04:33]} 13. h4 {[%clk 01:11:08]} {[%emt 00:01:14]} Bd7 {[%clk
01:03:47]} {[%emt 00:02:56]} 14. h5 {[%clk 00:55:53]} {[%emt 00:15:45]} b5
{[%clk 01:01:50]} {[%emt 00:02:26]} 15. Bh6 {[%clk 00:51:47]} {[%emt 00:04:37]}
bxc4 {[%clk 01:00:22]} {[%emt 00:01:58]} 16. Bxg7 {[%clk 00:51:56]} {[%emt
00:00:21]} Kxg7 {[%clk 01:00:44]} {[%emt 00:00:07]} 17. hxg6 {[%clk 00:52:03]}
{[%emt 00:00:23]} fxg6 {[%clk 01:01:05]} {[%emt 00:00:09]} 18. f4 {[%clk
00:50:28]} {[%emt 00:02:05]} e5 {[%clk 00:50:10]} {[%emt 00:11:24]} 19. fxe5
{[%clk 00:40:35]} {[%emt 00:10:23]} dxe5 {[%clk 00:50:12]} {[%emt 00:00:28]}
20. Bxc4 {[%clk 00:40:40]} {[%emt 00:00:26]} Ng4 {[%clk 00:48:31]} {[%emt
00:02:11]} 21. Nd1 {[%clk 00:35:04]} {[%emt 00:06:06]} Qf6 {[%clk 00:45:01]}
{[%emt 00:03:59]} 22. Ra3 {[%clk 00:22:25]} {[%emt 00:13:10]} Qf4 {[%clk
00:29:03]} {[%emt 00:16:28]} 23. Qa5 {[%clk 00:17:44]} {[%emt 00:05:11]} Ne8
{[%clk 00:08:13]} {[%emt 00:21:20]} 24. Rf1 {[%clk 00:11:14]} {[%emt 00:07:00]}
Qg5 {[%clk 00:08:09]} {[%emt 00:00:35]} 25. Rxf8 {[%clk 00:09:43]} {[%emt
00:02:01]} Kxf8 {[%clk 00:08:37]} {[%emt 00:00:02]} 26. Rf3 {[%clk 00:09:58]}
{[%emt 00:00:15]} Ngf6 {[%clk 00:06:29]} {[%emt 00:02:37]} 27. Qxc5 {[%clk
00:09:37]} {[%emt 00:00:51]} Kf7 {[%clk 00:06:32]} {[%emt 00:00:28]} 28. Qa7
{[%clk 00:08:44]} {[%emt 00:01:23]} Rd8 {[%clk 00:07:00]} {[%emt 00:00:02]} 29.
Bxa6 {[%clk 00:04:19]} {[%emt 00:04:54]} Kg8 {[%clk 00:06:45]} {[%emt
00:00:45]} 30. Qc5 {[%clk 00:03:41]} {[%emt 00:01:08]} Bg4 {[%clk 00:06:09]}
{[%emt 00:01:06]} 31. Rc3 {[%clk 00:02:26]} {[%emt 00:01:46]} Rd7 {[%clk
00:04:55]} {[%emt 00:01:44]} 32. Qe3 {[%clk 00:01:36]} {[%emt 00:01:20]} Qh4
{[%clk 00:02:56]} {[%emt 00:02:29]} 33. Nf2 {[%clk 00:01:45]} {[%emt 00:00:21]}
Nd6 {[%clk 00:02:27]} {[%emt 00:00:59]} 34. Bb5 {[%clk 00:01:18]} {[%emt
00:00:57]} Rf7 {[%clk 00:02:43]} {[%emt 00:00:13]} 35. Bd3 {[%clk 00:01:09]}
{[%emt 00:00:39]} Qh2 {[%clk 00:02:35]} {[%emt 00:00:39]} 36. Bf1 {[%clk
00:00:50]} {[%emt 00:00:49]} Kg7 {[%clk 00:01:03]} {[%emt 00:02:02]} 37. a5
{[%clk 00:01:04]} {[%emt 00:00:15]} Nh5 {[%clk 00:00:34]} {[%emt 00:00:59]} 38.
Nxg4 {[%clk 00:00:59]} {[%emt 00:00:35]} Qh4 {[%clk 00:00:32]} {[%emt
00:00:32]} 39. Nf2 {[%clk 00:00:49]} {[%emt 00:00:40]} Rf4 {[%clk 00:01:01]}
{[%emt 00:00:02]} 40. Nxh5 {[%clk 00:00:50]} {[%emt 00:00:29]} Qxh5 {[%clk
00:01:07]} {[%emt 00:00:24]} 41. a6 {[%clk 00:00:46]} {[%emt 00:00:35]} 1-0

[Event "DVM U20 2022"]
[Site "Münster GER"]
[Date "2022.12.29"]
[Round "6"]
[White "Steinhauer, Artur"]
[Black "Fischer, Darja"]
[Result "1/2-1/2"]
[Termination "normal"]
[Board "7.3"]
[WhiteElo "1920"]
[BlackElo "1762"]
[WhiteClock "00:00:56"]
[BlackClock "00:32:14"]
[WhiteTeam "SC Bavaria Regensburg von 1881 e.V."]
[BlackTeam "Karlsruher SF 1853"]
[PlyCount "145"]
[WhiteFideId "16263596"]
[BlackFideId "16240898"]
[EventCountry "GER"]
[EventRounds "7"]
[EventType "team-swiss"]
[EventDate "2022.12.26"]

1. e4 {[%clk 01:30:56]} {[%emt 00:00:02]} c6 {[%clk 01:30:58]} {[%emt
00:00:03]} 2. Nc3 {[%clk 01:31:17]} {[%emt 00:00:09]} d5 {[%clk 01:31:24]}
{[%emt 00:00:04]} 3. Qf3 {[%clk 01:31:44]} {[%emt 00:00:02]} dxe4 {[%clk
01:30:21]} {[%emt 00:01:34]} 4. Nxe4 {[%clk 01:32:12]} {[%emt 00:00:02]} Nd7
{[%clk 01:30:22]} {[%emt 00:00:29]} 5. d4 {[%clk 01:32:08]} {[%emt 00:00:34]}
Ngf6 {[%clk 01:30:36]} {[%emt 00:00:16]} 6. c3 {[%clk 01:31:52]} {[%emt
00:00:45]} Nxe4 {[%clk 01:29:46]} {[%emt 00:01:20]} 7. Qxe4 {[%clk 01:32:18]}
{[%emt 00:00:04]} Nf6 {[%clk 01:30:10]} {[%emt 00:00:06]} 8. Qf3 {[%clk
01:29:51]} {[%emt 00:02:57]} Bg4 {[%clk 01:27:50]} {[%emt 00:02:50]} 9. Qg3
{[%clk 01:29:49]} {[%emt 00:00:31]} e6 {[%clk 01:27:10]} {[%emt 00:01:11]} 10.
Bd3 {[%clk 01:26:33]} {[%emt 00:03:46]} Be7 {[%clk 01:24:11]} {[%emt 00:03:29]}
11. Bg5 {[%clk 01:22:28]} {[%emt 00:04:36]} Bf5 {[%clk 01:19:12]} {[%emt
00:05:28]} 12. Bxf5 {[%clk 01:21:56]} {[%emt 00:01:01]} exf5 {[%clk 01:19:39]}
{[%emt 00:00:05]} 13. Qe5 {[%clk 01:13:50]} {[%emt 00:08:36]} Nh5 {[%clk
01:10:05]} {[%emt 00:10:03]} 14. Bxe7 {[%clk 01:08:56]} {[%emt 00:05:25]} Qxe7
{[%clk 01:08:26]} {[%emt 00:02:09]} 15. Qxe7 {[%clk 01:07:14]} {[%emt
00:02:13]} Kxe7 {[%clk 01:08:54]} {[%emt 00:00:02]} 16. Ne2 {[%clk 01:07:33]}
{[%emt 00:00:10]} Rhe8 {[%clk 01:09:07]} {[%emt 00:00:17]} 17. O-O-O {[%clk
01:03:44]} {[%emt 00:04:20]} Kf8 {[%clk 01:09:01]} {[%emt 00:00:37]} 18. Rhe1
{[%clk 01:03:33]} {[%emt 00:00:41]} Re6 {[%clk 01:06:51]} {[%emt 00:02:39]} 19.
g3 {[%clk 00:59:36]} {[%emt 00:04:27]} Rae8 {[%clk 01:06:12]} {[%emt 00:01:09]}
20. Kd2 {[%clk 00:59:53]} {[%emt 00:00:14]} Nf6 {[%clk 01:05:30]} {[%emt
00:01:13]} 21. f3 {[%clk 00:54:01]} {[%emt 00:06:22]} Nd5 {[%clk 01:02:32]}
{[%emt 00:03:27]} 22. Nf4 {[%clk 00:48:11]} {[%emt 00:06:20]} Nxf4 {[%clk
00:59:39]} {[%emt 00:03:24]} 23. gxf4 {[%clk 00:48:35]} {[%emt 00:00:06]} Rh6
{[%clk 00:55:22]} {[%emt 00:04:46]} 24. Rxe8 {[%clk 00:46:55]} {[%emt
00:02:09]} Kxe8 {[%clk 00:53:12]} {[%emt 00:02:41]} 25. Re1 {[%clk 00:47:19]}
{[%emt 00:00:06]} Kd7 {[%clk 00:53:39]} {[%emt 00:00:04]} 26. Re2 {[%clk
00:47:40]} {[%emt 00:00:09]} f6 {[%clk 00:49:50]} {[%emt 00:04:19]} 27. Rg2
{[%clk 00:42:06]} {[%emt 00:06:04]} g5 {[%clk 00:48:53]} {[%emt 00:01:28]} 28.
Ke3 {[%clk 00:40:40]} {[%emt 00:01:56]} Ke6 {[%clk 00:47:07]} {[%emt 00:02:16]}
29. b3 {[%clk 00:35:31]} {[%emt 00:05:39]} b6 {[%clk 00:43:33]} {[%emt
00:04:04]} 30. a4 {[%clk 00:31:33]} {[%emt 00:04:28]} Rg6 {[%clk 00:31:28]}
{[%emt 00:12:35]} 31. Rg3 {[%clk 00:24:39]} {[%emt 00:07:24]} g4 {[%clk
00:28:19]} {[%emt 00:03:39]} 32. c4 {[%clk 00:21:30]} {[%emt 00:03:38]} a5
{[%clk 00:19:37]} {[%emt 00:09:12]} 33. Kf2 {[%clk 00:19:01]} {[%emt 00:03:00]}
h5 {[%clk 00:17:25]} {[%emt 00:02:42]} 34. Rg1 {[%clk 00:17:26]} {[%emt
00:02:05]} Rg7 {[%clk 00:13:14]} {[%emt 00:04:41]} 35. Re1 {[%clk 00:16:31]}
{[%emt 00:01:26]} Kd7 {[%clk 00:13:26]} {[%emt 00:00:17]} 36. d5 {[%clk
00:14:54]} {[%emt 00:02:07]} Re7 {[%clk 00:09:59]} {[%emt 00:03:57]} 37. Rd1
{[%clk 00:14:56]} {[%emt 00:00:28]} Kd6 {[%clk 00:05:21]} {[%emt 00:05:08]} 38.
dxc6 {[%clk 00:12:18]} {[%emt 00:03:08]} Ke6 {[%clk 00:05:43]} {[%emt
00:00:08]} 39. Rd8 {[%clk 00:05:34]} {[%emt 00:07:14]} Rc7 {[%clk 00:05:18]}
{[%emt 00:00:55]} 40. Rh8 {[%clk 00:02:39]} {[%emt 00:03:25]} Rxc6 {[%clk
00:04:27]} {[%emt 00:01:21]} 41. Rxh5 {[%clk 00:27:11]} {[%emt 00:05:57]} Rd6
{[%clk 00:34:00]} {[%emt 00:00:58]} 42. fxg4 {[%clk 00:25:41]} {[%emt
00:02:00]} fxg4 {[%clk 00:32:18]} {[%emt 00:02:12]} 43. Rb5 {[%clk 00:22:41]}
{[%emt 00:03:30]} f5 {[%clk 00:32:36]} {[%emt 00:00:12]} 44. h3 {[%clk
00:13:15]} {[%emt 00:09:57]} gxh3 {[%clk 00:29:13]} {[%emt 00:03:53]} 45. Kg3
{[%clk 00:13:35]} {[%emt 00:00:09]} Kf6 {[%clk 00:28:33]} {[%emt 00:01:10]} 46.
Kxh3 {[%clk 00:13:56]} {[%emt 00:00:09]} Kg6 {[%clk 00:28:59]} {[%emt
00:00:04]} 47. Kg3 {[%clk 00:14:01]} {[%emt 00:00:25]} Kf6 {[%clk 00:29:18]}
{[%emt 00:00:10]} 48. Kf3 {[%clk 00:14:15]} {[%emt 00:00:17]} Re6 {[%clk
00:29:32]} {[%emt 00:00:16]} 49. Rd5 {[%clk 00:13:41]} {[%emt 00:01:04]} Kg6
{[%clk 00:29:42]} {[%emt 00:00:20]} 50. c5 {[%clk 00:13:07]} {[%emt 00:01:05]}
bxc5 {[%clk 00:29:49]} {[%emt 00:00:24]} 51. Rxc5 {[%clk 00:13:35]} {[%emt
00:00:01]} Rb6 {[%clk 00:30:02]} {[%emt 00:00:16]} 52. Rb5 {[%clk 00:13:57]}
{[%emt 00:00:08]} Rc6 {[%clk 00:30:10]} {[%emt 00:00:23]} 53. Re5 {[%clk
00:12:55]} {[%emt 00:01:32]} Rb6 {[%clk 00:30:25]} {[%emt 00:00:15]} 54. Re3
{[%clk 00:13:10]} {[%emt 00:00:14]} Kf6 {[%clk 00:30:47]} {[%emt 00:00:08]} 55.
Kg3 {[%clk 00:08:53]} {[%emt 00:04:48]} Rb4 {[%clk 00:30:53]} {[%emt 00:00:24]}
56. Kf3 {[%clk 00:07:50]} {[%emt 00:01:33]} Kg6 {[%clk 00:31:07]} {[%emt
00:00:16]} 57. Rc3 {[%clk 00:07:53]} {[%emt 00:00:27]} Kh5 {[%clk 00:30:57]}
{[%emt 00:00:39]} 58. Kg3 {[%clk 00:07:36]} {[%emt 00:00:48]} Kg6 {[%clk
00:31:15]} {[%emt 00:00:11]} 59. Rf3 {[%clk 00:07:31]} {[%emt 00:00:35]} Kh5
{[%clk 00:31:21]} {[%emt 00:00:24]} 60. Kh3 {[%clk 00:07:39]} {[%emt 00:00:22]}
Re4 {[%clk 00:31:15]} {[%emt 00:00:36]} 61. Kg3 {[%clk 00:07:48]} {[%emt
00:00:21]} Rb4 {[%clk 00:31:40]} {[%emt 00:00:06]} 62. Rd3 {[%clk 00:07:03]}
{[%emt 00:01:14]} Kg6 {[%clk 00:31:26]} {[%emt 00:00:43]} 63. Rd6 {[%clk
00:06:50]} {[%emt 00:00:43]} Kh5 {[%clk 00:31:17]} {[%emt 00:00:40]} 64. Rd3
{[%clk 00:07:15]} {[%emt 00:00:05]} Kg6 {[%clk 00:31:37]} {[%emt 00:00:09]} 65.
Kf3 {[%clk 00:06:58]} {[%emt 00:00:47]} Kh5 {[%clk 00:31:54]} {[%emt 00:00:13]}
66. Re3 {[%clk 00:04:25]} {[%emt 00:03:03]} Kg6 {[%clk 00:32:04]} {[%emt
00:00:20]} 67. Rd3 {[%clk 00:02:18]} {[%emt 00:02:37]} Kh5 {[%clk 00:32:02]}
{[%emt 00:00:31]} 68. Rc3 {[%clk 00:02:46]} {[%emt 00:00:02]} Kg6 {[%clk
00:31:57]} {[%emt 00:00:35]} 69. Ke3 {[%clk 00:02:38]} {[%emt 00:00:38]} Kh5
{[%clk 00:31:14]} {[%emt 00:01:13]} 70. Kf3 {[%clk 00:01:16]} {[%emt 00:01:53]}
Kg6 {[%clk 00:31:38]} {[%emt 00:00:05]} 71. Kg3 {[%clk 00:00:50]} {[%emt
00:00:56]} Kh5 {[%clk 00:31:53]} {[%emt 00:00:15]} 72. Rd3 {[%clk 00:00:56]}
{[%emt 00:00:24]} Kg6 {[%clk 00:32:14]} {[%emt 00:00:09]} 73. Re3 {[%emt
00:00:57]} 1/2-1/2

[Event "DVM U20 2022"]
[Site "Münster GER"]
[Date "2022.12.29"]
[Round "6"]
[White "Borodaev, Roman"]
[Black "Neugirg, Mika"]
[Result "1/2-1/2"]
[Termination "normal"]
[Board "7.4"]
[WhiteElo "1678"]
[BlackElo "1573"]
[WhiteClock "00:25:57"]
[BlackClock "00:05:21"]
[WhiteTeam "Karlsruher SF 1853"]
[BlackTeam "SC Bavaria Regensburg von 1881 e.V."]
[PlyCount "131"]
[WhiteFideId "16274881"]
[BlackFideId "34619160"]
[EventCountry "GER"]
[EventRounds "7"]
[EventType "team-swiss"]
[EventDate "2022.12.26"]

1. e4 {[%clk 01:30:59]} c6 {[%clk 01:30:53]} {[%emt 00:00:07]} 2. d4 {[%clk
01:31:26]} {[%emt 00:00:03]} d5 {[%clk 01:31:16]} {[%emt 00:00:06]} 3. Nd2
{[%clk 01:31:54]} {[%emt 00:00:03]} dxe4 {[%clk 01:31:30]} {[%emt 00:00:16]} 4.
Nxe4 {[%clk 01:32:22]} {[%emt 00:00:03]} Nf6 {[%clk 01:31:35]} {[%emt
00:00:24]} 5. Nxf6 {[%clk 01:32:49]} {[%emt 00:00:04]} exf6 {[%clk 01:31:55]}
{[%emt 00:00:10]} 6. c3 {[%clk 01:33:17]} {[%emt 00:00:03]} Bd6 {[%clk
01:32:12]} {[%emt 00:00:12]} 7. Bd3 {[%clk 01:33:43]} {[%emt 00:00:04]} O-O
{[%clk 01:32:30]} {[%emt 00:00:12]} 8. Qc2 {[%clk 01:34:10]} {[%emt 00:00:03]}
Re8 {[%clk 01:32:51]} {[%emt 00:00:09]} 9. Ne2 {[%clk 01:34:36]} {[%emt
00:00:04]} h5 {[%clk 01:33:08]} {[%emt 00:00:13]} 10. O-O {[%clk 01:32:35]}
{[%emt 00:02:31]} h4 {[%clk 01:33:31]} {[%emt 00:00:07]} 11. Bf4 {[%clk
01:30:16]} {[%emt 00:02:50]} Na6 {[%clk 01:26:39]} {[%emt 00:07:22]} 12. Bxd6
{[%clk 01:24:31]} {[%emt 00:06:15]} Qxd6 {[%clk 01:26:56]} {[%emt 00:00:12]}
13. Rfe1 {[%clk 01:16:21]} {[%emt 00:08:40]} Nc7 {[%clk 01:22:48]} {[%emt
00:04:37]} 14. Bf5 {[%clk 01:09:01]} {[%emt 00:07:51]} Re7 {[%clk 01:00:34]}
{[%emt 00:22:36]} 15. Bxc8 {[%clk 00:58:52]} {[%emt 00:10:45]} Rxc8 {[%clk
01:00:46]} {[%emt 00:00:17]} 16. Rad1 {[%clk 00:59:21]} {[%emt 00:00:03]} Rce8
{[%clk 00:59:32]} {[%emt 00:01:43]} 17. Qd2 {[%clk 00:50:51]} {[%emt 00:09:01]}
h3 {[%clk 00:54:16]} {[%emt 00:05:46]} 18. Ng3 {[%clk 00:37:38]} {[%emt
00:13:44]} Qd5 {[%clk 00:39:10]} {[%emt 00:15:35]} 19. gxh3 {[%clk 00:37:51]}
{[%emt 00:00:18]} Qxa2 {[%clk 00:37:58]} {[%emt 00:01:41]} 20. Rxe7 {[%clk
00:36:36]} {[%emt 00:01:46]} Rxe7 {[%clk 00:37:24]} {[%emt 00:01:03]} 21. Nf5
{[%clk 00:34:22]} {[%emt 00:02:45]} Re8 {[%clk 00:34:01]} {[%emt 00:03:52]} 22.
Nd6 {[%clk 00:29:07]} {[%emt 00:05:46]} Rd8 {[%clk 00:32:30]} {[%emt 00:01:55]}
23. Nxb7 {[%clk 00:26:48]} {[%emt 00:02:55]} Rb8 {[%clk 00:32:31]} {[%emt
00:00:27]} 24. Nc5 {[%clk 00:24:05]} {[%emt 00:03:16]} Qxb2 {[%clk 00:30:12]}
{[%emt 00:02:48]} 25. Qxb2 {[%clk 00:22:39]} {[%emt 00:01:57]} Rxb2 {[%clk
00:30:31]} {[%emt 00:00:11]} 26. Ra1 {[%clk 00:21:26]} {[%emt 00:01:42]} Nb5
{[%clk 00:28:56]} {[%emt 00:02:04]} 27. c4 {[%clk 00:11:15]} {[%emt 00:10:43]}
Nxd4 {[%clk 00:28:02]} {[%emt 00:01:21]} 28. Rxa7 {[%clk 00:11:44]} {[%emt
00:00:03]} Rc2 {[%clk 00:27:04]} {[%emt 00:01:27]} 29. Ra4 {[%clk 00:11:58]}
{[%emt 00:00:16]} Ne2 {[%clk 00:24:05]} {[%emt 00:03:27]} 30. Kg2 {[%clk
00:12:17]} {[%emt 00:00:13]} Nf4 {[%clk 00:23:29]} {[%emt 00:01:04]} 31. Kg3
{[%clk 00:12:21]} {[%emt 00:00:29]} g5 {[%clk 00:20:07]} {[%emt 00:03:51]} 32.
Ne4 {[%clk 00:08:54]} {[%emt 00:03:58]} Kg7 {[%clk 00:19:10]} {[%emt 00:01:25]}
33. h4 {[%clk 00:07:19]} {[%emt 00:02:06]} Kg6 {[%clk 00:18:18]} {[%emt
00:01:21]} 34. hxg5 {[%clk 00:07:35]} {[%emt 00:00:17]} fxg5 {[%clk 00:18:16]}
{[%emt 00:00:31]} 35. h4 {[%clk 00:06:00]} {[%emt 00:02:05]} Ne2 {[%clk
00:09:45]} {[%emt 00:08:56]} 36. Kg2 {[%clk 00:00:35]} {[%emt 00:06:00]} gxh4
{[%clk 00:07:59]} {[%emt 00:02:16]} 37. Kh3 {[%clk 00:00:36]} {[%emt 00:00:29]}
Nc3 {[%clk 00:03:22]} {[%emt 00:05:05]} 38. Nxc3 {[%clk 00:01:04]} {[%emt
00:00:04]} Rxc3 {[%clk 00:03:39]} {[%emt 00:00:13]} 39. Kxh4 {[%clk 00:01:31]}
{[%emt 00:00:03]} Rf3 {[%clk 00:03:34]} {[%emt 00:00:34]} 40. Ra6 {[%clk
00:01:54]} {[%emt 00:00:08]} Rf4 {[%clk 00:03:17]} {[%emt 00:00:47]} 41. Kg3
{[%clk 00:02:20]} {[%emt 00:00:05]} Rxc4 {[%clk 00:03:15]} {[%emt 00:00:32]}
42. Kf3 {[%clk 00:02:48]} {[%emt 00:00:03]} Kf5 {[%clk 00:29:32]} {[%emt
00:04:12]} 43. Ra5 {[%clk 00:30:48]} {[%emt 00:02:30]} Ke6 {[%clk 00:28:54]}
{[%emt 00:01:06]} 44. Ke3 {[%clk 00:31:12]} {[%emt 00:00:09]} Kd6 {[%clk
00:28:26]} {[%emt 00:00:56]} 45. Rf5 {[%clk 00:30:20]} {[%emt 00:01:24]} Ke6
{[%clk 00:27:58]} {[%emt 00:00:56]} 46. Ra5 {[%clk 00:30:45]} {[%emt 00:00:05]}
Rc3 {[%clk 00:26:08]} {[%emt 00:02:19]} 47. Kd2 {[%clk 00:30:26]} {[%emt
00:00:49]} Rf3 {[%clk 00:25:54]} {[%emt 00:00:42]} 48. Ke2 {[%clk 00:30:54]}
{[%emt 00:00:04]} Rf5 {[%clk 00:25:18]} {[%emt 00:01:03]} 49. Ra8 {[%clk
00:30:40]} {[%emt 00:00:47]} c5 {[%clk 00:23:49]} {[%emt 00:01:58]} 50. Rc8
{[%clk 00:30:22]} {[%emt 00:00:49]} Kd5 {[%clk 00:24:00]} {[%emt 00:00:17]} 51.
Ke3 {[%clk 00:29:40]} {[%emt 00:01:13]} Rf6 {[%clk 00:21:21]} {[%emt 00:03:08]}
52. Rc7 {[%clk 00:29:48]} {[%emt 00:00:24]} Kc4 {[%clk 00:18:41]} {[%emt
00:03:07]} 53. f4 {[%clk 00:29:51]} {[%emt 00:00:29]} Re6 {[%clk 00:15:07]}
{[%emt 00:04:04]} 54. Kf3 {[%clk 00:28:29]} {[%emt 00:01:54]} f6 {[%clk
00:14:54]} {[%emt 00:00:41]} 55. f5 {[%clk 00:26:35]} {[%emt 00:02:25]} Rd6
{[%clk 00:14:57]} {[%emt 00:00:26]} 56. Ke4 {[%clk 00:25:34]} {[%emt 00:01:32]}
Kb4 {[%clk 00:13:02]} {[%emt 00:02:23]} 57. Rb7 {[%clk 00:24:57]} {[%emt
00:01:09]} Kc3 {[%clk 00:12:48]} {[%emt 00:00:41]} 58. Re7 {[%clk 00:25:10]}
{[%emt 00:00:20]} Rd4 {[%clk 00:09:38]} {[%emt 00:03:39]} 59. Ke3 {[%clk
00:25:34]} {[%emt 00:00:07]} Rd8 {[%clk 00:07:49]} {[%emt 00:02:16]} 60. Re6
{[%clk 00:25:49]} {[%emt 00:00:18]} Rf8 {[%clk 00:07:57]} {[%emt 00:00:21]} 61.
Rc6 {[%clk 00:26:09]} {[%emt 00:00:11]} c4 {[%clk 00:07:58]} {[%emt 00:00:27]}
62. Ke4 {[%clk 00:24:33]} {[%emt 00:02:08]} Re8 {[%clk 00:06:52]} {[%emt
00:01:35]} 63. Re6 {[%clk 00:24:49]} {[%emt 00:00:16]} Rf8 {[%clk 00:07:05]}
{[%emt 00:00:16]} 64. Rc6 {[%clk 00:25:02]} {[%emt 00:00:18]} Re8 {[%clk
00:05:05]} {[%emt 00:02:28]} 65. Re6 {[%clk 00:25:31]} {[%emt 00:00:02]} Rf8
{[%clk 00:05:21]} {[%emt 00:00:13]} 66. Rc6 {[%clk 00:25:57]} {[%emt 00:00:05]}
1/2-1/2